000 01344nam a2200373 c 4500
001 4311
003 ES-MaCES
005 20250121040008.0
008 971119s1996 sp ||| | spa d
017 _aM 7835-1996
_bDL
020 _a8477991286
024 7 _a378-96-024-5
_2nipo
035 _aCES19980043467m
040 _aES-MaCES
_bspa
_cES-MaCES
245 0 0 _aCuarto programa de acción comunitario para la igualdad de oportunidades entre hombres y mujeres (1996-2000)
260 _aMadrid
_bMinisterio de Asuntos Sociales, Instituto de la Mujer
_cD.L. 1996
300 _a63 p.
_c20 cm
490 1 _aSerie Documentos
_v20
500 _aEn la port., además: Aprobado por decisión del Consejo de Trabajo y Asuntos Sociales (22 de diciembre de 1995)
541 _cGratuito
650 4 _amujeres
_928657
650 4 _aigualdad de oportunidades
_927183
650 4 _apolítica comunitaria
_930776
650 4 _aplan de acción
_930406
650 4 _a1996-2000
_931148
653 1 0 _aMujer
650 4 _926752
_aUE
710 2 _aInstituto de la Mujer (España)
_eed.
_94190
787 0 _tConciliación entre vida familiar y política
_w(ES-MaCES)10159
830 0 _aSerie Documentos (Instituto de la Mujer (España))
_v20
_932068
902 _aLIB Libro
942 _2CES
_cBK
_h3.3.
999 _c4311
_d4311